000
00224 a2200109 4500
020
_a
8434814552
041
_a
spa
100
_a
Camus, William
245
_a
Azules contra grises
440
_a
Barco de vapor, 18.
942
_c
BK
999
_c
7783
_d
7783